| 000 | 01040nas a2200313 454500 | ||
|---|---|---|---|
| 001 | 45175 | ||
| 005 | 20260407193511.0 | ||
| 008 | 260407s2017####ag###########|||spa#d | ||
| 003 | AR-UNSa-BCEJYS | ||
| 040 |
_aAR-UNSa-BCEJYS _bspa _cAR-UNSa-BCEJYS |
||
| 080 |
_a336.22 _xImpuestos |
||
| 245 | 1 | 0 |
_aImpuestos _pPráctica profesional |
| 022 | _a2545-7950 | ||
| 264 | 1 |
_aBuenos Aires : _bThomson Reuters Checkpoint _c2017 |
|
| 310 | _aFrecuencia: Quincenal | ||
| 505 | _aPort: Tributario nacional, tributario provincial y municipal, actuación profesional | ||
| 041 | _aspa | ||
| 942 | _cSER | ||
| 590 | _aniveau_biblio:s niveau_hierar:1 | ||
| 100 | 1 | _aBertazza, Humberto J. | |
| 700 | 1 | _aAtchabahian, Adolfo | |
| 700 | 1 | _aLascano, Marcelo Ramón | |
| 650 | _aTributación | ||
| 650 | _aIMPUESTOS | ||
| 650 | _aDerecho Tributario | ||
| 650 | _aEJERCICIO PROFESIONAL | ||
| 650 | _aPROFESIONALES DE CIENCIAS ECONOMICAS | ||
| 856 | 4 | 1 |
_uhttps://www.biblioeco.unsa.edu.ar/pmb/images/revistas/R21713.jpg _yImagen de portada _qimage/jpeg |
| 999 |
_c8934 _d8934 |
||